00632cam a22002297a 4500001001000000003000500010005001700015008004100032010001000073011001000083020001800093035001000111040000900121082001700130100002800147245004900175250001000224260005300234300003300287500006100320650002100381000088999CHAP20220329142609.0020318d1998 a r 00010 d a85469 a86441 a968 444 316 1 a96979 cCHAP a541bC3 199800aCastellán, Gilbert W. 0aFisicoquímica /cpor Gilbert W. Castellan. a2 ed. aMéxico, D.F. :bAddison Wesley Longman,c1998. a1057 p. :b: ilus.; gráfs. aTrad. de Physical Chemistry 3a. ed. en inglés de 1983.14aFisicoquímica.